000 01016nam a22003257a 4500
001 000076444
003 CHAP
005 20220329141757.0
008 971013s1965 r 00010 d
010 _a73679
011 _a74651
035 _a84210
040 _cCHAP
090 _aFolleto 594
100 0 0 _aHargreaves, Bob.
_952670
245 1 0 _aTropical trees; found in the Caribbean, South America, Central America, México /
_cpor Bob Hargreaves.
260 _aKailua :
_bHawaii, Hargreaves,
_c1965.
300 _a64 p. :
_b: ilus.
590 _aBATCH-UPD
_b10
_c20130110
_lUCH01
_h1117
590 _aBATCH-UPD
_b10
_c20130410
_lUCH01
_h0708
590 _aBATCH-UPD
_b10
_c20130914
_lUCH01
_h1601
590 _aCONVERSION
_b10
_c20130109
_lUCH01
_h1340
590 _aE5995AHE
_b05
_c20140402
_lUCH01
_h1021
590 _aE5995AHE
_b05
_c20141113
_lUCH01
_h0854
650 1 4 _aÁrboles tropicales.
_982448
901 _aBK
942 _cFOLL
942 _n0
949 _aFolleto 594
_bBC
_cFOLL
_d-39406
_eTS1
_i84210
_si
999 _c73679
_d73679